Lauraceae no Morro dos Perdidos (Floresta Atlântica), Paraná, Brasil (Registro n. 328582)
[ somente texto ]
| 000 -LÍDER | |
|---|---|
| fixed length control field | 02512nab a2200265 i 4500 |
| 003 - CÓDIGO MARC DA AGÊNCIA CATALOGADORA | |
| Campo de controle | BR-BrBNA |
| 005 - DATA E HORA DA ÚLTIMA ATUALIZAÇÃO | |
| Campo de controle | 20241112111634.0 |
| 008 - CAMPO DE TAMANHO FIXO | |
| fixed length control field | 241112b2009 bl.qr|pooa||| 00| 0 por | |
| 040 ## - FONTE DA CATALOGAÇÃO | |
| Agência catalogadora | BR-BrBNA |
| Idioma da catalogação | por |
| 072 ## - CATEGORIA AGRIS | |
| Código AGRIS | F70 |
| 100 ## - ENTRADA PRINCIPAL - NOME PESSOAL | |
| Nome pessoal | Brotto, Marcelo Leandro |
| 100 ## - ENTRADA PRINCIPAL - NOME PESSOAL | |
| Nome pessoal | Santos, Élide Pereira dos |
| 100 ## - ENTRADA PRINCIPAL - NOME PESSOAL | |
| Nome pessoal | Baitello, João Batista |
| 245 ## - TÍTULO PRINCIPAL | |
| Título principal | Lauraceae no Morro dos Perdidos (Floresta Atlântica), Paraná, Brasil |
| 500 ## - NOTA GERAL | |
| Nota geral | Publicação on-line; 29 ref.; 2 illus.; Summaries (En, Pt) |
| 942 ## - ADDED ENTRY ELEMENTS (KOHA) | |
| Koha item type | Analítica |
| 520 ## - NOTA DE RESUMO | |
| Nota de conteúdo | <br/><br/>RESUMO<br/><br/>(Lauraceae no Morro dos Perdidos (Floresta Atlântica), Paraná, Brasil) O Morro dos Perdidos está localizado<br/>no município de Guaratuba, estado do Paraná (25º45’–25º50’S e 49º03’–49º06’O), abrange uma área de 1440<br/>hectares de Floresta Ombrófila Densa, com altitudes entre 767 a 1439 m. Na área, a família Lauraceae está<br/>representada por 15 espécies: Cinnamomum hatschbachii; Cryptocarya aschersoniana; Endlicheria<br/>paniculata; Nectandra puberula; Ocotea bicolor; O. catharinensis; O. elegans; O. nunesiana; O. odorifera;<br/>O. porosa; O. pulchella; O. tristis; O. vaccinioides; Ocotea sp e Persea willdenovii. São apresentados<br/>chave, descrições, ilustrações e comentários sobre as espécies.<br/><br/>Palavras-chave: flora, neotrópicos, taxonomia, Serra do Mar.<br/> |
| 520 ## - NOTA DE RESUMO | |
| Nota de conteúdo | <br/><br/>ABSTRACT<br/><br/>(Lauraceae in the Morro dos Perdidos (Atlantic Forest), Paraná State, Brazil) Morro dos Perdidos is located<br/>in Guaratuba, Paraná State (25º45’–25º50’S and 49º03’–49º06’W), comprising 1440 hectares of Atlantic Rain<br/>Forest, with altitudes between 767 and 1439 m. In the area, the family Lauraceae is represented by 15 species:<br/>Cinnamomum hatschbachii; Cryptocarya aschersoniana; Endlicheria paniculata; Nectandra puberula;<br/>Ocotea bicolor; O. catharinensis; O. elegans; O. nunesiana; O. odorifera; O. porosa; O. pulchella; O.<br/>tristis; O. vaccinioides; Ocotea sp and Persea willdenovii. Key, descriptions, illustrations and comments<br/>about the species are presented.<br/><br/>Key words: flora, neotropics, taxonomy, Serra do Mar. |
| 650 ## - ASSUNTO - THESAGRO | |
| Cabeçalho tópico ou nome geográfico | FLORA |
| 650 ## - ASSUNTO - THESAGRO | |
| Cabeçalho tópico ou nome geográfico | TAXONOMIA |
| 650 ## - ASSUNTO - THESAGRO | |
| Cabeçalho tópico ou nome geográfico | SERRA DO MAR |
| 773 0# - ENTRADA ANALÍTICA | |
| Host Biblionumber | 709 |
| Registro do item | 346144 |
| Imprenta | Rio de Janeiro-RJ Jardim Botanico do Rio de Janeiro 1935 |
| Outro identificador | 2024-6791 |
| Título | Rodriguésia (Brazil) |
| ISSN | 0370-6583; 2175-7860 on-line |
| Colação | v. 60(2) p. 445-459; (2009) |
| Número de controle de registro | BR2024003539 |
| 856 ## - ACESSO E ENDEREÇO ELETRÔNICO | |
| Identificador uniforme de recurso - URI | https://www.scielo.br/j/rod/a/wFNhGghFHXwYdmbsXhM9kRm/?format=pdf&lang=pt |
Nenhum exemplar disponível.

BINAGRI